书目信息 |
| 题名: |
SOA与REST
|
|
| 作者: | 埃尔 著 ;马国耀 , 申健 , 刘蕊 译 | |
| 分册: | ||
| 出版信息: | 北京 人民邮电出版社 2014 |
|
| 页数: | 354页 | |
| 开本: | 24cm | |
| 丛书名: | ||
| 单 册: | ||
| 中图分类: | TP368.5 | |
| 科图分类: | ||
| 主题词: | 互联网络--网络服务器--研究 , 互联网络 , 网络服务器 | |
| 电子资源: | ||
| ISBN: | 978-7-115-33194-6 | |
| 000 | 01697nam0 2200325 450 | |
| 001 | 523 | |
| 005 | 20140910092043.95 | |
| 010 | @a978-7-115-33194-6@dCNY89.00 | |
| 100 | @a20140117d2014 em y0chiy50 ea | |
| 101 | 1 | @achi@ceng |
| 102 | @aCN@b110000 | |
| 105 | @ay z 000yy | |
| 106 | @ar | |
| 200 | 1 | @aSOA与REST@ASOA Yu REST@e用REST构建企业级SOA解决方案@EYong REST Gou Jian Qi Ye Ji SOA Jie Jue Fang An@dSOA with REST@eprinciples, patterns & constraints for building enterprise solutions with REST@f(美)Thomas Erl[等]著@F( Mei )Thomas Erl[ Deng ] Zhu@g马国耀,申健,刘蕊译@zeng |
| 210 | @a北京@c人民邮电出版社@d2014 | |
| 215 | @a354页@d24cm | |
| 304 | @a著者还有:(美)Benjamin Carlyle、(美)Cesare Pautasso、(美)Raj Balasubramanian | |
| 330 | @a本书深入介绍了SOA与REST的原理、术语及特性;深入阐述了二者之间的差异及合作点;重点阐述了如何将REST作为媒介来实现SOA的战略目标,通过对REST服务的建模流程和专为REST服务定制的面向服务的分析和设计流程的详细讲解,逐步向读者展开了一幅REST与SOA在企业级解决方案中完美“联姻”的画卷。此外,本书还通过完整的案例研究示例展示了REST与SOA在实践中的结合。 | |
| 510 | 1 | @aSOA with REST@eprinciples, patterns & constraints for building enterprise solutions with REST@zeng |
| 517 | 1 | @a用REST构建企业级SOA解决方案@AYong REST Gou Jian Qi Ye Ji SOA Jie Jue Fang An |
| 606 | 0 | @a互联网络@x网络服务器@x研究 |
| 606 | 0 | @a互联网络 |
| 606 | 0 | @a网络服务器 |
| 690 | @aTP368.5@v5 | |
| 701 | 0 | @c(美)@a埃尔@AAi Er@c(Erl, Thomas@f1967~)@4著 |
| 702 | 0 | @a马国耀@AMa Guo Yao@c(信息技术)@4译 |
| 702 | 0 | @a申健@AShen Jian@c(信息技术)@4译 |
| 702 | 0 | @a刘蕊@ALiu Rui@c(软件技术)@4译 |
| 801 | 0 | @aCN@bTANGWEI@c20140603 |
| 905 | @b0841565-67@dTP368.5@e441@f3 | |
| SOA与REST:用REST构建企业级SOA解决方案=SOA with REST:principles, patterns & constraints for building enterprise solutions with REST/(美)Thomas Erl[等]著/马国耀,申健,刘蕊译.-北京:人民邮电出版社,2014 |
| 354页;24cm |
| ISBN 978-7-115-33194-6:CNY89.00 |
| 本书深入介绍了SOA与REST的原理、术语及特性;深入阐述了二者之间的差异及合作点;重点阐述了如何将REST作为媒介来实现SOA的战略目标,通过对REST服务的建模流程和专为REST服务定制的面向服务的分析和设计流程的详细讲解,逐步向读者展开了一幅REST与SOA在企业级解决方案中完美“联姻”的画卷。此外,本书还通过完整的案例研究示例展示了REST与SOA在实践中的结合。 |
| ● |
| 相关链接 |
|
|
|
|
正题名:SOA与REST
索取号:TP368.5/441
 
预约/预借
| 序号 | 登录号 | 条形码 | 馆藏地/架位号 | 状态 | 备注 |
| 1 | 0841565 | 208415650 | 第二样本阅览室/ [索取号:TP368.5/441] | 在馆 | |
| 2 | 0841566 | 208415669 | 密集书库—计算机科学学院/ [索取号:TP368.5/441] | 在馆 | |
| 3 | 0841567 | 208415678 | 第三借阅区/ [索取号:TP368.5/441] | 在馆 |